| 000 | 00000nam##2200000za#4500 |
| 001 | 9.575277 |
| 003 | CaOODSP |
| 005 | 20210929082754 |
| 007 | cr ||||||||||| |
| 008 | 150406|1997||||xxc|||||o f|0| 0 eng|d |
| 040 | |aCaOODSP|beng |
| 043 | |an-cn--- |
| 086 | 1 |aFo29-47/9-1997E-PDF |
| 110 | 1 |aCanada. |bNatural Resources Canada. |bCanadian Forest Service. |
| 245 | 10|aWeb diagnostic tool for common tree diseases of British Columbia|h[electronic resource]|c[by] A. Thomson, E. Allen and D. Morrison. |
| 260 | |aVictoria - British Columbia : |bNatural Resources Canada. |c1997. |
| 300 | |a4p.|bfig., illus., references |
| 490 | 1 |aTechnology transfer note|vNo. 9, December 1997 |
| 500 | |aThe catalogue number and ISSN for the print edition appear in this electronic version. |
| 590 | |a12-40-Supp|b2012-10-23 |
| 720 | 1 |aAllen, E. |
| 720 | 1 |aThomson, A. |
| 720 | 1 |aMorrison, D. |
| 775 | 08|tOutil diagnostique web pour les maladies communes des arbres en Colombie-Britannique|w(CaOODSP)9.604816 |
| 830 | #0|aTechnology transfer note ;|vNo. 9, December 1997|w(CaOODSP)9.504768 |
| 856 | 40|ahttp://publications.gc.ca|qPDF|s70 KB|uhttps://publications.gc.ca/collections/collection_2012/rncan-nrcan/Fo29-47-9-1997-eng.pdf|yNo. 9, December 1997 |